| 000 | 00987nam a22002537a 4500 | ||
|---|---|---|---|
| 005 | 20140214145904.0 | ||
| 010 | _aENG-108532 | ||
| 020 |
_a9780198085003 _c825.00 |
||
| 035 | _aEN-92065 | ||
| 037 | _bDBAD/PUB | ||
| 082 | _a331.10954 | ||
| 100 | _aShankar, Shylashri | ||
| 245 |
_aBattling corruption : _bhas NREGA reached india's rural poor ? / _cby Shylashri Shankar [and] Raghav Gaiha |
||
| 246 | _bCorruption : has NREGA reached India’s rural poor? | ||
| 260 |
_aNew Delhi _bOxford University Press _c2013 |
||
| 270 |
_aYMCA Library Building, 1 Jai Singh Road _bNew Delhi _e110001 |
||
| 300 |
_axiv, 272p. : _bill. _c22cm (Hb) |
||
| 500 | _a Includes bibliographical references (pages 247-259) and index. | ||
| 610 |
_a National Rural Employment Guarantee Scheme (India) _xCorrupt practices. |
||
| 650 |
_aManpower policy, Rural _zIndia. |
||
| 650 |
_aGuaranteed annual income _z India. |
||
| 700 | _aGaiha, Raghav | ||
| 942 |
_2ddc _cEN _h331.10954 _mSHA |
||
| 999 |
_c79354 _d79354 |
||